000 00517nam a2200193Ia 4500
008 230125s9999 xx 000 0 und d
020 _a0-521-79627-X
041 _aeng
082 _a305.4
_bSYL
100 _aSylvester C
_9109540
245 _aFeminist International Relations
260 _c2002
_bCambridge University press
_aAustralia
300 _a346p
500 _aFeminism;International relations
650 _aWomen Study
700 _aSylvester C
_9109540
906 _b268
999 _c86230
_d86230